Spravodajca obce Východná
| Other Authors: | |
|---|---|
| Format: | Journal |
| Language: | Slovak |
| PhysicalDescription: | zv. 30 cm Dostupný online vo formáte pdf od r. 2010 |
| Published: |
Východná
Obec Východná
[1999]-
|
| ISSN: | 1339-1461 |
| Subjects: | |
| Online Access: | http://www.vychodna.net/obec-vychodna/obecny-spravodaj/ http://www.vychodna.eu/obecny-urad-vychodna/zverejnovanie-obecny-urad/spravodajca-obce |
MARC
| LEADER | 00000cas a2200000 a 4500 | ||
|---|---|---|---|
| 001 | vtls010440945 | ||
| 003 | SK-MaSNL | ||
| 005 | 20260228160350.0 | ||
| 008 | 120807c19999999xo mr|p 0 0slo | ||
| 022 | |a 1339-1461 | ||
| 040 | |a SNK |b slo |c SNK |e AACR2 | ||
| 041 | 0 | |a slo | |
| 043 | |a e-xo--- | ||
| 044 | |a xo |c SK | ||
| 072 | |a 352/354 |x Stupne miestnej, oblastnej a ústrednej správy |2 konspekt | ||
| 072 | |a 394 |x Verejný a spoločenský život. Každodenný život |2 konspekt | ||
| 072 | |a 316.7 |x Sociológia kultúry. Kultúrny život |2 konspekt | ||
| 080 | |a 352 |2 2011 | ||
| 080 | |a 050 |2 2011 | ||
| 080 | |a 394 |2 2011 | ||
| 080 | |a 316.728 |2 2011 | ||
| 080 | |a (437.641) |2 2011 | ||
| 080 | |a (051)+(054) |2 2011 | ||
| 210 | 0 | |a Sprav. obce Východ. | |
| 222 | 0 | |a Spravodajca obce Východná | |
| 245 | 0 | 0 | |a Spravodajca obce Východná |
| 260 | |a Východná |b Obec Východná |c [1999]- | ||
| 300 | |a zv. |c 30 cm | ||
| 310 | |a 1x mesačne | ||
| 362 | 0 | |a Roč. 1 (1999) - |z BA001/2013 | |
| 500 | |a Popis podľa: Roč. XIV, č. 1 (január 2012) | ||
| 500 | |a Reg. číslo: EV 4518/12 | ||
| 500 | |a Vedúca red.: ?-, Michaela Matejková | ||
| 515 | |a Niektoré čísla vychádzajú ako dvojčíslo | ||
| 530 | |a Dostupný online vo formáte pdf od r. 2010 | ||
| 650 | 0 | 7 | |a miestna správa |2 SNKPH |9 29496 |
| 650 | 0 | 7 | |a spoločenský život |2 SNKPH |9 28654 |
| 651 | 7 | |a Východná (Slovensko) |2 SNKPHgeo |9 60319 | |
| 655 | 7 | |a miestne periodiká |2 SNKPH |9 160938 | |
| 700 | 1 | |a Matejková, Michaela |4 pbd |9 265718 | |
| 856 | 4 | 1 | |u http://www.vychodna.net/obec-vychodna/obecny-spravodaj/ |
| 856 | 4 | 1 | |u http://www.vychodna.eu/obecny-urad-vychodna/zverejnovanie-obecny-urad/spravodajca-obce |
| 856 | 4 | 1 | |a https://www.vychodna.eu/obcan/spravodajca-obce-vychodna/?page=all |
| 910 | |a snk | ||
| 999 | |c 2279 |d 4209 | ||
| 952 | |0 0 |1 0 |4 0 |7 0 |8 0 |a SNK |b SNK |d 2022-03-21 |i snk2022/4337 |l 0 |o snkČSB 7471/21/2019 |p 17A1462631 |r 2026-02-21 19:59:41 |t č. 1-4 |w 2026-02-21 |y PREZ | ||
| 952 | |0 0 |1 0 |4 0 |7 0 |8 0 |a SNK |b SNK |d 2022-03-21 |i snk2022/4338 |l 0 |o snkČSB 7471/22/2020 |p 17A1462632 |r 2026-02-21 19:59:41 |t č. 1-6 |w 2026-02-21 |y PREZ | ||
| 952 | |0 0 |1 0 |4 0 |7 0 |8 0 |a SNK |b SNK |d 2020-01-21 |i snk2020/1210 |l 0 |o snkČSB 7471/14/2012 |p 17A1385784 |r 2026-02-21 22:22:20 |t č. 1-12 |w 2026-02-21 |y PREZ | ||
| 952 | |0 0 |1 0 |4 0 |7 0 |8 0 |a SNK |b SNK |d 2020-01-21 |i snk2020/1225 |l 0 |o snkČSB 7471/15/2013 |p 17A1385783 |r 2026-02-21 22:22:25 |t č. 1-12 |w 2026-02-21 |y PREZ | ||
| 952 | |0 0 |1 0 |4 0 |7 0 |8 0 |a SNK |b SNK |d 2020-01-21 |i snk2020/1227 |l 0 |o snkČSB 7471/16/2014 |p 17A1385782 |r 2026-02-21 22:22:25 |t č. 1-12 |w 2026-02-21 |y PREZ | ||
| 952 | |0 0 |1 0 |4 0 |7 0 |8 0 |a SNK |b SNK |d 2020-01-21 |i snk2020/1238 |l 0 |o snkČSB 7471/17/2015 |p 17A1385781 |r 2026-02-21 22:22:25 |t č. 1-11 |w 2026-02-21 |y PREZ | ||
| 952 | |0 0 |1 0 |4 0 |7 0 |8 0 |a SNK |b SNK |d 2020-01-21 |i snk2020/1240 |l 0 |o snkČSB 7471/18/2016 |p 17A1385780 |r 2026-02-21 22:22:25 |t č. 1-11 |w 2026-02-21 |y PREZ | ||
| 952 | |0 0 |1 0 |4 0 |7 0 |8 0 |a SNK |b SNK |d 2020-01-21 |i snk2020/1241 |l 0 |o snkČSB 7471/19/2017 |p 17A1385779 |r 2026-02-21 22:22:25 |t č. 1-11 |w 2026-02-21 |y PREZ | ||
| 952 | |0 0 |1 0 |4 0 |7 0 |8 0 |a SNK |b SNK |d 2020-01-21 |i snk2020/1242 |l 0 |o snkČSB 7471/20/2018 |p 17A1385778 |r 2026-02-21 22:22:25 |t č. 1-12 |w 2026-02-21 |y PREZ | ||


